| 000 | 00493 a2200181 4500 | ||
|---|---|---|---|
| 003 | OSt | ||
| 005 | 20240202142002.0 | ||
| 008 | 240202b |||||||| |||| 00| 0 eng d | ||
| 020 | _a9789393018045 | ||
| 040 | _coclc | ||
| 082 |
_a920 _bAJI/C |
||
| 100 |
_aAjithkumar, p _910362 |
||
| 245 |
_aCharlie Chaplin / _cP. Ajithkumar |
||
| 250 | _a4th ed. | ||
| 260 |
_aKozhikode: _bOlive Publications, _c2022. |
||
| 300 | _a305p. | ||
| 942 |
_2ddc _cBK _h920 _iAJI/P _k920 _mAJI/P |
||
| 999 |
_c44261 _d44261 |
||